Najpopularniejsze Imię Żeńskie w Każdym Roku (2000-2025) - Statystyki

Ogólne statystyki
  • Ten quiz został rozwiązany 68 razy
  • Średni wynik to 21 z 26
Statystyki odpowiedzi
Rok Imię % Poprawnych
2001 Julia
89%
2002 Julia
89%
2003 Julia
89%
2004 Julia
89%
2005 Julia
89%
2006 Julia
89%
2007 Julia
89%
2008 Julia
89%
2009 Julia
89%
2010 Julia
89%
2011 Julia
89%
2012 Julia
89%
2017 Julia
89%
2015 Zuzanna
81%
2016 Zuzanna
81%
2018 Zuzanna
81%
2019 Zuzanna
81%
2020 Zuzanna
81%
2021 Zuzanna
81%
2022 Zofia
79%
2023 Zofia
79%
2025 Zofia
79%
2000 Natalia
53%
2024 Maja
47%
2013 Lena
40%
2014 Lena
40%
Nie znaleziono quizów pasujących do podanych kryteriów
Rozkład punktacji
Procent ludzi z każdym wynikiem
Percentyl według liczby udzielonych odpowiedzi
Twoja historia wyników
Nie rozwiązałeś tego quizu